[Event "XIII Abierto de la Constitucion"]
[Site "San Sebastian De Los Reyes"]
[Date "2011.12.08"]
[Round "7.15"]
[White "Montero Garcia, Fco. Javier"]
[Black "Martinez Miura, Enrique"]
[Result "1-0"]
[WhiteElo "1935"]
[BlackElo "1713"]
[PlyCount "53"]
[EventDate "2011.12.02"]

1. e4 e6 2. d3 d5 3. Nd2 Nf6 4. Ngf3 dxe4 5. dxe4 Be7 6. Bb5+ c6 7. Be2 O-O 8.
O-O Nbd7 9. Re1 Qb6 10. Nc4 Qc7 11. e5 Nd5 12. Bd3 h6 13. c3 b5 14. Ncd2 f6 15.
exf6 N7xf6 16. Ne5 Bc5 17. Ndf3 Qb6 18. Qc2 a5 19. Ng6 Rf7 20. Nfe5 Ng4 21.
Nxg4 h5 22. Ne3 Raa7 23. Ne5 Rf6 24. Nxd5 Bxf2+ 25. Kh1 exd5 26. Rf1 Re7 27.
Bg5 1-0

[Event "XIII Abierto de la Constitucion"]
[Site "San Sebastian De Los Reyes"]
[Date "2011.12.08"]
[Round "7.17"]
[White "Tevar Sanz, Gonzalo"]
[Black "De La Orden Alcocer, Alejandro"]
[Result "1-0"]
[WhiteElo "1807"]
[BlackElo "1853"]
[PlyCount "91"]
[EventDate "2011.12.02"]

1. d4 c5 2. Bf4 Nf6 3. e3 d6 4. c3 b6 5. Nf3 g6 6. Nbd2 Bf5 7. Bb5+ Nbd7 8. h3
Bg7 9. e4 Nxe4 10. Bc6 Nxd2 11. Bxa8 Qxa8 12. Qxd2 Be4 13. Qe3 O-O 14. O-O cxd4
15. cxd4 Bxf3 16. gxf3 Re8 17. Rfe1 Qd5 18. Red1 Bf6 19. Qe4 Qh5 20. Kh2 Nf8
21. Rac1 d5 22. Qe3 Ne6 23. Rd3 Nxf4 24. Qxf4 Bg5 25. Qc7 {(=)} Bxc1 26. Qxc1
Qf5 27. Rc3 Rd8 28. Qe3 Qd7 29. Qc1 Qd6+ 30. Kg2 Kg7 31. a3 Rd7 32. Rc6 Qb8 33.
b4 e5 34. Qg5 exd4 35. Qf6+ Kg8 36. Qxd4 Qb7 37. Rc3 Rd8 38. Qf6 Qd7 39. Qd4
Qe7 40. a4 Qg5+ 41. Kh2 f6 42. f4 Qf5 43. Rc7 Re8 44. f3 Re2+ 45. Kg3 Qc2 46.
Qxd5+ 1-0

[Event "XIII Abierto de la Constitucion"]
[Site "San Sebastian De Los Reyes"]
[Date "2011.12.08"]
[Round "7.18"]
[White "Cavalle Pulla, Daniel"]
[Black "Hernandez Mateo, Borja"]
[Result "1-0"]
[WhiteElo "1997"]
[BlackElo "1713"]
[PlyCount "79"]
[EventDate "2011.12.02"]

1. e4 c5 2. Nc3 Nc6 3. Bb5 Nf6 4. f4 Nd4 5. Bc4 b5 6. Bxb5 Nxb5 7. Nxb5 Nxe4 8.
Qe2 Bb7 9. Nf3 a6 10. Nc3 Nxc3 11. dxc3 e6 12. O-O Be7 13. Be3 O-O 14. Rad1 Qc7
15. c4 Rfd8 16. f5 Bf6 17. c3 exf5 18. Qf2 d6 {(=)} 19. Bf4 Rd7 20. Rfe1 Rad8
21. Qg3 Qa5 22. a3 Qb6 {(=)} 23. Rxd6 Rxd6 24. Bxd6 Qc6 25. Be5 Bxe5 26. Qxe5
g6 27. Qe7 Qd6 28. Kf2 Bxf3 29. Qxd6 Rxd6 30. Kxf3 Rd2 31. b4 cxb4 32. axb4 Rd8
33. b5 Rc8 34. bxa6 Rxc4 35. Ra1 Rxc3+ 36. Kf4 Rc8 37. a7 Ra8 38. Ke5 Kf8 39.
Kd6 Ke8 40. Rb1 1-0

[Event "XIII Abierto de la Constitucion"]
[Site "San Sebastian De Los Reyes"]
[Date "2011.12.08"]
[Round "7.19"]
[White "Montiel Miguelez, Manuel"]
[Black "Ballesteros Jimenez, Miguel Angel"]
[Result "1-0"]
[WhiteElo "1934"]
[BlackElo "1684"]
[PlyCount "67"]
[EventDate "2011.12.02"]

1. e4 d5 2. exd5 Qxd5 3. Nc3 Qd6 4. d4 Nf6 5. Nf3 c6 6. Bc4 Bf5 7. Be3 e6 8.
Bb3 Nbd7 9. Qd2 Nd5 10. Nxd5 cxd5 11. O-O Be7 12. c4 Nf6 13. Ba4+ Nd7 14. Ne5
Rd8 15. Bf4 Qb4 16. Qxb4 Bxb4 17. cxd5 Bd6 18. dxe6 Bxe5 19. exd7+ Bxd7 20.
Bxd7+ Rxd7 21. Rfe1 O-O 22. dxe5 Rfd8 23. Rac1 h6 24. Kf1 g5 25. Be3 b6 26. f4
Re8 27. fxg5 Rxe5 28. gxh6 Rde7 29. Bd4 Rf5+ 30. Kg1 Rd7 31. Bg7 Rd2 32. Re3
Rff2 33. Rg3 f5 34. Bd4+ 1-0

[Event "XIII Abierto de la Constitucion"]
[Site "San Sebastian De Los Reyes"]
[Date "2011.12.08"]
[Round "7.20"]
[White "Alvarez Gonzalez, Eduardo"]
[Black "Hernandez Ramos, David"]
[Result "1/2-1/2"]
[WhiteElo "1814"]
[BlackElo "1574"]
[PlyCount "119"]
[EventDate "2011.12.02"]

1. d4 Nf6 2. Nf3 g6 3. c4 Bg7 4. Nc3 d6 5. e4 Nbd7 6. Be2 O-O 7. O-O Re8 8. Qc2
c5 9. d5 Ng4 10. h3 Nge5 11. Nxe5 Nxe5 12. f4 Nd7 13. Be3 Qc7 14. Rad1 b6 15.
g4 Nf8 16. Bd3 e6 17. Rf3 Bb7 18. Kh2 Rad8 19. Rdf1 Bh6 20. Qd2 Re7 21. g5 Bg7
22. f5 exf5 23. exf5 Be5+ 24. Kg2 Bc8 {(=)} 25. fxg6 Nxg6 26. Bxg6 hxg6 27. Bf4
Bxf4 28. Qxf4 Bf5 29. h4 a6 30. h5 Kg7 31. hxg6 fxg6 32. Rh1 Rh8 33. Rh6 Rf7
34. Qh2 Qd8 35. Rxh8 Qxh8 36. Qxd6 Rb7 37. Qf6+ Kh7 38. Qc6 Qg7 39. Rf1 Qe7 40.
Rh1+ Kg7 41. Kf3 Qf7 42. Kg3 Qe7 43. Kf2 Qf7 {(=)} 44. Ke1 Qe7+ 45. Kd1 Bd7 46.
Qf6+ Qxf6 47. gxf6+ Kxf6 48. Kd2 Bf5 49. Re1 b5 50. cxb5 axb5 51. a3 b4 52.
axb4 Rxb4 53. Kc1 Rd4 54. Rd1 Rxd1+ 55. Kxd1 Ke5 56. Ke2 g5 57. Ke3 Bc2 58. Kf3
Bb3 59. Kg4 Bxd5 60. Kxg5 {(=)} 1/2-1/2

[Event "XIII Abierto de la Constitucion"]
[Site "San Sebastian De Los Reyes"]
[Date "2011.12.08"]
[Round "7.21"]
[White "Cerrato Torrijos, Javier"]
[Black "De Luna Butz, Alberto"]
[Result "1/2-1/2"]
[WhiteElo "1675"]
[BlackElo "1811"]
[PlyCount "96"]
[EventDate "2011.12.02"]

1. e4 c5 2. Nf3 Nc6 3. d4 cxd4 4. Nxd4 Nf6 5. Nc3 e6 6. Nxc6 bxc6 7. e5 Nd5 8.
Nxd5 cxd5 9. Bd3 Qc7 10. Qe2 d6 11. Bf4 Bd7 12. O-O Be7 13. Qg4 g6 14. Rfe1 O-O
15. Rac1 Qb6 16. b3 dxe5 17. Bxe5 Ba3 18. Rcd1 Bc5 19. Rf1 Bb5 20. Bf6 Rfe8 21.
Qg5 Rac8 22. Bxb5 Qxb5 23. Be5 Be7 24. Qh6 Bf8 25. Qf4 Bg7 26. Bxg7 Kxg7 27.
Qd4+ Kg8 28. c3 Qc5 29. Rc1 Rc7 30. Qxc5 Rxc5 31. Rfd1 Rec8 32. Rd3 a5 33. f3
Kf8 34. Kf2 {(=)} a4 35. Ke2 axb3 36. axb3 Ra5 37. Rc2 Ke7 38. f4 Rb8 39. c4
dxc4 40. Rxc4 Ra2+ 41. Kf3 Rb7 42. h4 Rb2 43. Rcc3 h5 44. g3 f5 45. Ke3 Rd7 46.
Rxd7+ Kxd7 47. Kd4 Kd6 48. Rd3 Rb1 1/2-1/2

[Event "XIII Abierto de la Constitucion"]
[Site "San Sebastian De Los Reyes"]
[Date "2011.12.08"]
[Round "7.22"]
[White "Alfaya Marcelo, Roberto"]
[Black "Farmer Negrini, Leo"]
[Result "1-0"]
[WhiteElo "1652"]
[BlackElo "1790"]
[PlyCount "101"]
[EventDate "2011.12.02"]

1. e4 e5 2. Nf3 Nc6 3. Bc4 Bc5 4. c3 Nf6 5. d4 exd4 6. O-O O-O 7. cxd4 Bb6 8.
d5 Na5 9. Bd3 c5 10. Qc2 d6 11. b3 Bg4 12. Nbd2 Rc8 13. Bb2 Bh5 14. Rfe1 Re8
15. Re2 Qe7 16. Rae1 h6 17. e5 dxe5 18. Rxe5 Qd6 19. Bh7+ Kf8 20. Bf5 Rcd8 21.
Rxe8+ Rxe8 22. Rxe8+ Kxe8 23. Ne4 Qxd5 24. Bxf6 Bxf3 25. gxf3 Kf8 26. Nc3 Qxf3
27. Bh4 g6 28. Be4 Qg4+ 29. Bg3 Nc6 30. Bxc6 bxc6 31. Qe4 Qg5 32. Qf4 Qe7 33.
Qd6 Ba5 34. Qxe7+ Kxe7 35. Ne4 Bb4 36. Bd6+ Ke6 37. Bxc5 a5 38. Bxb4 axb4 39.
Ng3 Kd5 40. Kf1 Kd4 41. Ke2 Kc3 42. Kd1 Kb2 43. Ne2 Kxa2 44. Kc2 g5 45. Nd4 c5
46. Ne2 c4 47. bxc4 b3+ 48. Kd3 b2 49. Nc3+ Kb3 50. c5 Kb4 51. c6 1-0

[Event "XIII Abierto de la Constitucion"]
[Site "San Sebastian De Los Reyes"]
[Date "2011.12.08"]
[Round "7.23"]
[White "Orellana Illescas, Julio"]
[Black "Salgado Duarte, Pablo"]
[Result "1-0"]
[WhiteElo "1787"]
[BlackElo "1500"]
[PlyCount "65"]
[EventDate "2011.12.02"]

1. e4 e5 2. Nf3 Nc6 3. Bb5 d6 4. d4 exd4 5. Nxd4 Bd7 6. O-O Nxd4 7. Bxd7+ Qxd7
8. Qxd4 Nf6 9. Re1 Be7 10. Nc3 O-O 11. Bg5 c5 12. Qd3 Rad8 13. Rad1 Qe6 14. Qf3
b6 15. Qe2 Rfe8 16. f3 Nd7 17. Bxe7 Qxe7 18. Nd5 Qe5 19. Qc4 Nf6 20. f4 Qe6 21.
Qd3 Nxd5 22. Qxd5 Qf6 23. Rf1 Qxb2 24. e5 Qxc2 25. f5 Rxe5 26. Qxe5 Kf8 27.
Rxd6 Re8 28. Qd5 Qe2 29. Rd8 Qe3+ 30. Kh1 Qe2 31. Qd6+ Kg8 32. Rxe8+ Qxe8 33.
Rd1 1-0

[Event "XIII Abierto de la Constitucion"]
[Site "San Sebastian De Los Reyes"]
[Date "2011.12.08"]
[Round "7.25"]
[White "Cabeza Hernandez, Guillermo"]
[Black "Gonzalez Berrendero, Carlos"]
[Result "0-1"]
[WhiteElo "1551"]
[BlackElo "1761"]
[PlyCount "48"]
[EventDate "2011.12.02"]

1. c4 g6 2. Nc3 Bg7 3. g3 c6 4. Bg2 e6 5. Rb1 Ne7 6. Nf3 d5 7. b3 O-O 8. Bb2 e5
9. d3 Qa5 10. d4 exd4 11. Nxd4 c5 12. Ndb5 d4 13. O-O dxc3 14. Bxc3 Bxc3 15.
Qd6 Nf5 16. Qxc5 a6 17. b4 Bxb4 18. Rxb4 axb5 19. Rxb5 Qxa2 20. Bxb7 Bxb7 21.
Rxb7 Qxe2 22. Rxf7 Rxf7 23. Kg2 Nd7 24. Qc6 Ne3+ 0-1

[Event "XIII Abierto de la Constitucion"]
[Site "San Sebastian De Los Reyes"]
[Date "2011.12.08"]
[Round "7.27"]
[White "Anton Quevedo, Andrea"]
[Black "Navarro Rodriguez, Jesus"]
[Result "0-1"]
[WhiteElo "1445"]
[BlackElo "1691"]
[PlyCount "68"]
[EventDate "2011.12.02"]

1. e4 c5 2. Nf3 e6 3. d4 cxd4 4. Nxd4 Nc6 5. Nc3 a6 6. Be3 Qc7 7. g3 Nf6 8. Bg2
Bb4 9. O-O Bxc3 10. bxc3 O-O 11. Nxc6 dxc6 12. Rb1 e5 13. Bg5 Bg4 14. Qd3 Nd7
15. Be7 Rfe8 16. Bd6 Qc8 17. c4 Be6 18. c5 Bxa2 19. Rb2 Be6 20. Rfb1 Rd8 21.
Qc3 b6 22. cxb6 Nxb6 23. Bxe5 Na4 24. Qb4 Nxb2 25. Qxb2 f6 26. Bf4 h6 27. Re1
Kf7 28. Qb6 g5 29. Qc7+ Rd7 30. Qxc8 Rxc8 31. Be3 Rcd8 32. e5 Rd1 33. Rxd1
Rxd1+ 34. Bf1 Bh3 0-1

[Event "XIII Abierto de la Constitucion"]
[Site "San Sebastian De Los Reyes"]
[Date "2011.12.08"]
[Round "7.28"]
[White "Plazuelo Pascual, Juan"]
[Black "Lianes Garcia, Marcos"]
[Result "1-0"]
[WhiteElo "1678"]
[BlackElo "1471"]
[PlyCount "95"]
[EventDate "2011.12.02"]

1. e4 e6 2. d4 d5 3. Nc3 Nf6 4. Bg5 dxe4 5. Nxe4 Be7 6. Bxf6 gxf6 7. Nf3 f5 8.
Nc3 Nd7 9. Bc4 b6 10. d5 e5 11. d6 Bb7 12. dxe7 Qxe7 13. Qe2 c6 14. O-O-O O-O-O
15. Rhe1 f6 16. Rd2 c5 17. Nd5 Qe8 18. Bb5 Bxd5 19. Rxd5 e4 20. Bc6 Kc7 21. Qb5
Qe6 22. Rxd7+ Rxd7 23. Bxd7 Qxd7 24. Qxd7+ Kxd7 25. Nd2 Rg8 26. g3 Re8 27. Kd1
Kc6 28. Ke2 Kd5 29. Ke3 b5 30. Kf4 Ke6 31. Nxe4 fxe4 32. Rxe4+ Kf7 33. Rxe8
Kxe8 34. Ke4 a6 35. Kd5 c4 36. Ke6 a5 37. Kd5 Kd7 38. Kc5 b4 39. Kxc4 Kc6 40.
b3 h5 41. f3 f5 42. c3 bxc3 43. Kxc3 Kc5 44. a3 Kb5 45. Kd4 Kc6 46. Kc4 Kb6 47.
b4 a4 48. f4 1-0

[Event "XIII Abierto de la Constitucion"]
[Site "San Sebastian De Los Reyes"]
[Date "2011.12.08"]
[Round "7.29"]
[White "Tevar Becerra, Alvaro"]
[Black "Perez-Nuñez Castillo, Jose Antonio"]
[Result "1-0"]
[WhiteElo "1525"]
[BlackElo "1665"]
[PlyCount "76"]
[EventDate "2011.12.02"]

1. e4 c6 2. d4 d5 3. exd5 cxd5 4. Nf3 Bf5 5. Bb5+ Nc6 6. Ne5 Qc7 7. Bf4 Bd7 8.
Nxf7 Qa5+ 9. Bd2 Qxb5 10. Nxh8 Nf6 11. Nc3 Qb6 12. Nxd5 Nxd5 13. Qh5+ g6 14.
Qxd5 e6 15. Qf3 Nd8 16. Bc3 Qb5 17. d5 Qxd5 18. Qxd5 exd5 19. h4 Ne6 20. Be5
Bg7 21. Bxg7 Nxg7 22. O-O-O Be6 23. f3 Ke7 24. Nxg6+ hxg6 25. g4 Rf8 26. Rd3
Rd8 27. h5 gxh5 28. gxh5 Rh8 29. h6 Rh7 30. Rb3 Bc8 31. Ra3 a6 32. Rb3 Nf5 33.
Rb6 Nd6 34. Rh5 Be6 35. f4 Kd7 36. f5 Kc7 37. Rxd6 Kxd6 38. fxe6 Kxe6 {
Irreproducible} 1-0

[Event "XIII Abierto de la Constitucion"]
[Site "San Sebastian De Los Reyes"]
[Date "2011.12.09"]
[Round "8.1"]
[White "Almagro Llamas, Pablo"]
[Black "Cueto, Johnny"]
[Result "1-0"]
[WhiteElo "2461"]
[BlackElo "2301"]
[PlyCount "91"]
[EventDate "2011.12.02"]

1. e4 d6 2. d4 Nf6 3. Nc3 e5 4. Nf3 Nbd7 5. Bc4 Be7 6. O-O O-O 7. a4 c6 8. Re1
h6 9. h3 Nh7 10. Be3 Ng5 11. Nxg5 Bxg5 12. Qd2 Qf6 13. Rad1 Re8 14. Rf1 exd4
15. Qxd4 Qxd4 16. Bxd4 Nf8 17. f4 Be7 18. f5 Nd7 19. Ba2 b6 20. Rf3 Ne5 21.
Bxe5 dxe5 22. Rfd3 Kf8 23. Bc4 a6 24. Kf2 b5 25. Bb3 Ra7 26. Kf3 g6 27. g4 Kg7
28. Kg3 Rh8 29. Rf3 f6 30. Rfd3 h5 31. Ne2 hxg4 32. hxg4 Rb7 33. axb5 axb5 34.
Be6 Ra7 35. Bxc8 Rxc8 36. Kf3 Rcc7 37. fxg6 Kxg6 38. Ng3 Ra2 39. Rb1 Kf7 40.
Nf5 Ke6 41. Ke2 Ra4 42. Kf3 Bc5 43. Rh1 Ra2 44. g5 Bf8 45. g6 Rc8 46. Rhd1 1-0

[Event "XIII Abierto de la Constitucion"]
[Site "San Sebastian De Los Reyes"]
[Date "2011.12.09"]
[Round "8.2"]
[White "Hernando Pertierra, Jose Carlos"]
[Black "Roa Alonso, Santiago"]
[Result "1/2-1/2"]
[WhiteElo "2373"]
[BlackElo "2418"]
[PlyCount "22"]
[EventDate "2011.12.02"]

1. Nf3 d5 2. b3 Nf6 3. Bb2 e6 4. e3 Be7 5. Be2 O-O 6. O-O c5 7. d3 Nc6 8. Nbd2
b6 9. Ne5 Nxe5 10. Bxe5 Bb7 11. Bb2 Nd7 1/2-1/2

[Event "XIII Abierto de la Constitucion"]
[Site "San Sebastian De Los Reyes"]
[Date "2011.12.09"]
[Round "8.3"]
[White "Cubillo Muñoz, Miguel"]
[Black "Adan Bermudez, Sergio"]
[Result "0-1"]
[WhiteElo "2006"]
[BlackElo "2292"]
[PlyCount "46"]
[EventDate "2011.12.02"]

1. c4 b6 2. b3 Bb7 3. Bb2 e6 4. Nf3 Nf6 5. e3 Be7 6. Be2 O-O 7. O-O d5 8. Ne5
Nfd7 9. f4 c6 10. Bd3 dxc4 11. Bxh7+ Kxh7 12. Qh5+ Kg8 13. Nxd7 Nxd7 14. Rf3 f6
15. Rh3 Bd6 16. f5 exf5 17. Qxf5 Ne5 18. Na3 g6 19. Rg3 Kh7 20. Qf4 Bc8 21. Rf1
Nd3 22. Qh4+ Kg7 23. Rxf6 Rxf6 0-1

[Event "XIII Abierto de la Constitucion"]
[Site "San Sebastian De Los Reyes"]
[Date "2011.12.09"]
[Round "8.4"]
[White "Muñoz Sanchez, Daniel"]
[Black "Quevedo Marin, Manuel"]
[Result "1-0"]
[WhiteElo "1995"]
[BlackElo "2184"]
[PlyCount "81"]
[EventDate "2011.12.02"]

1. e4 c5 2. Nc3 d6 3. f4 g6 4. Nf3 Bg7 5. Bc4 Nc6 6. O-O Nf6 7. d3 O-O 8. Qe1
Nd4 9. Bb3 Nxb3 10. axb3 e6 11. e5 Ne8 12. Be3 b6 13. Bf2 Bb7 14. Bh4 Qd7 15.
Ne4 f5 16. exf6 Nxf6 17. Nxf6+ Bxf6 18. Bxf6 Rxf6 19. Qh4 Rf5 20. Rae1 Raf8 21.
Ng5 e5 22. fxe5 dxe5 23. Rxf5 Rxf5 24. Rf1 Bd5 25. Rxf5 gxf5 26. Nxh7 Qb7 27.
Nf6+ Kf7 28. Nxd5 Qxd5 29. Qc4 Qxc4 30. bxc4 a5 31. Kf2 Kf6 32. Kf3 Kg5 33. b3
Kh5 34. g3 Kg5 35. h3 Kf6 36. g4 f4 37. h4 Kg6 38. Ke4 Kh6 39. c3 Kg6 40. d4
cxd4 41. cxd4 1-0

[Event "XIII Abierto de la Constitucion"]
[Site "San Sebastian De Los Reyes"]
[Date "2011.12.09"]
[Round "8.5"]
[White "Martinez Cepedano, Roberto"]
[Black "Semprun Martinez, Fernando"]
[Result "0-1"]
[WhiteElo "1683"]
[BlackElo "2175"]
[PlyCount "46"]
[EventDate "2011.12.02"]

1. e4 c5 2. Nf3 Nc6 3. d4 cxd4 4. Nxd4 g6 5. Nc3 Bg7 6. Be3 Nf6 7. g3 O-O 8.
Bg2 Ne5 9. Nde2 d6 10. Nd5 Bg4 11. h3 Bf3 12. Nxf6+ Bxf6 13. Bxf3 Nxf3+ 14. Kf1
Bxb2 15. Rb1 Bf6 16. Kg2 Ne5 17. Rxb7 Qa5 18. Qb1 Qa6 19. Nf4 e6 20. Bd4 Qc6
21. c3 Bg7 22. Rc1 Nc4 23. f3 e5 0-1

[Event "XIII Abierto de la Constitucion"]
[Site "San Sebastian De Los Reyes"]
[Date "2011.12.09"]
[Round "8.6"]
[White "Aziz Ortego, Omar Luis"]
[Black "Ramos Del Campo, Alexander"]
[Result "1-0"]
[WhiteElo "2139"]
[BlackElo "2038"]
[PlyCount "73"]
[EventDate "2011.12.02"]

1. e4 d5 2. exd5 Qxd5 3. Nc3 Qa5 4. d4 Nf6 5. Nf3 c6 6. Bc4 Bf5 7. O-O e6 8.
Qe2 Be7 9. Bd2 Qc7 10. Ne5 Nbd7 11. Rae1 Nxe5 12. dxe5 Nd7 13. Bd3 Bxd3 14.
cxd3 O-O-O 15. d4 Nb6 16. Be3 Bb4 17. Rc1 Bxc3 18. Rxc3 Nd5 19. Ra3 Kb8 20. Rc1
h5 21. b4 Qb6 22. Rb3 Qb5 23. Qb2 Rc8 24. Rc5 Qb6 25. b5 Qd8 26. bxc6 b6 27. h3
Ka8 28. Rc1 g5 29. a4 g4 30. Bd2 gxh3 31. Rxh3 Rg8 32. Rxh5 Qe8 33. Qc2 f5 34.
Rh3 Rg4 35. Qc4 Qg6 36. g3 f4 37. Qa6 1-0

[Event "XIII Abierto de la Constitucion"]
[Site "San Sebastian De Los Reyes"]
[Date "2011.12.09"]
[Round "8.7"]
[White "Perez De Aranda A., Leonardo I"]
[Black "Lobato Lavin, Alvaro"]
[Result "1-0"]
[WhiteElo "2117"]
[BlackElo "2033"]
[PlyCount "41"]
[EventDate "2011.12.02"]

1. e4 c5 2. Nf3 d6 3. d4 cxd4 4. Nxd4 Nf6 5. Nc3 a6 6. f4 e5 7. Nf3 Qc7 8. a4
Be7 9. Bd3 O-O 10. O-O Nbd7 11. Kh1 b6 12. Qe1 Bb7 13. h4 g6 14. f5 d5 15. fxg6
hxg6 16. exd5 e4 17. Nxe4 Nxe4 18. Bxe4 Nf6 19. d6 Bxd6 20. Bxb7 Rfe8 21. Qc3
1-0

[Event "XIII Abierto de la Constitucion"]
[Site "San Sebastian De Los Reyes"]
[Date "2011.12.09"]
[Round "8.8"]
[White "Montero Garcia, Fco. Javier"]
[Black "Barez Menendez, Hector"]
[Result "0-1"]
[WhiteElo "1935"]
[BlackElo "2161"]
[PlyCount "24"]
[EventDate "2011.12.02"]

1. e4 e5 2. Nf3 Nc6 3. Bb5 g6 4. d4 exd4 5. Nxd4 Bg7 6. Be3 Nf6 7. Nc3 O-O 8.
f3 a6 9. Bc4 Re8 10. O-O Na5 11. Bd3 d5 12. Re1 c5 0-1

[Event "XIII Abierto de la Constitucion"]
[Site "San Sebastian De Los Reyes"]
[Date "2011.12.09"]
[Round "8.9"]
[White "Bustos Serrano, Doroteo"]
[Black "Vidaurre, Luis Alberto"]
[Result "1-0"]
[WhiteElo "2120"]
[BlackElo "1871"]
[PlyCount "125"]
[EventDate "2011.12.02"]

1. e4 c5 2. Nf3 d6 3. c3 Nf6 4. Be2 Nc6 5. d3 e5 6. O-O g6 7. d4 Bg7 8. d5 Ne7
9. Nfd2 g5 10. a4 Qc7 11. Na3 a6 12. Nac4 b6 13. b4 Bd7 14. a5 bxa5 15. bxc5
Qxc5 16. Ba3 Qa7 17. Bxd6 Ng6 18. Rxa5 Bf8 19. Bxe5 Nxe5 20. Nxe5 Qc7 21. Nxd7
Nxd7 22. Rxa6 Rxa6 23. Bxa6 Qxc3 24. Bb5 Bb4 25. Nf3 Be7 26. Qa1 Bb4 27. Ne5
Qxa1 28. Rxa1 Bc3 29. Ra8+ Ke7 30. Nc6+ Kd6 31. Rxh8 Bxh8 32. Kf1 Nc5 33. f3
Ba1 34. Nb4 Bc3 35. Nd3 Nxd3 36. Bxd3 Ke5 37. Ke2 h6 38. Bb5 f6 39. Bd7 Kd4 40.
Bf5 Bb4 41. Kf2 Bd6 42. g3 Bc7 43. Bg6 Bd6 44. Ke2 Bc7 45. Kd2 Bd6 46. Kc2 Ke3
47. Bh5 Kf2 48. Kc3 Kg2 49. Kc4 Kxh2 50. Kb5 Kxg3 51. Kc6 Ba3 52. d6 Kf4 53. d7
Be7 54. Kc7 f5 55. exf5 Kxf5 56. d8=Q Bxd8+ 57. Kxd8 Kf6 58. Kd7 Kg7 59. Ke7
Kh7 60. Kf7 Kh8 61. Kg6 Kg8 62. Kxh6 Kf8 63. Kxg5 1-0

[Event "XIII Abierto de la Constitucion"]
[Site "San Sebastian De Los Reyes"]
[Date "2011.12.09"]
[Round "8.10"]
[White "Nuñez Miranda, Adrian"]
[Black "Esquivias Gomez, Fco. Javier"]
[Result "1-0"]
[WhiteElo "1866"]
[BlackElo "2034"]
[PlyCount "105"]
[EventDate "2011.12.02"]

1. e4 e5 2. Bc4 f5 3. Bxg8 Rxg8 4. exf5 d5 5. Qh5+ g6 6. fxg6 Rxg6 7. Qxh7 Rh6
8. Qg8 Be6 9. Qg3 Qf6 10. d4 Nc6 11. Bxh6 Bxh6 12. Qf3 Qg6 13. Ne2 O-O-O 14.
Nd2 Bg4 15. Qg3 Rg8 16. h3 Qxc2 17. Qc3 Bxd2+ 18. Qxd2 Qh7 19. Ng3 Be6 20. dxe5
Nxe5 21. Qe3 Re8 22. Qxe5 Bf7 23. Qxe8+ Bxe8 24. O-O Qc2 25. Rab1 Bc6 26. Rfc1
Qa4 27. a3 Qf4 28. b4 d4 29. Rd1 Ba4 30. Ne2 Qe4 31. Nxd4 Bxd1 32. Rxd1 c6 33.
g4 Qh7 34. Kh2 Qc7+ 35. Kg2 Qf4 36. f3 Qf6 37. Kg3 Qe5+ 38. f4 Qe3+ 39. Nf3
Qxa3 40. g5 Qxb4 41. f5 Qf8 42. f6 a5 43. h4 a4 44. h5 b5 45. h6 a3 46. h7 b4
47. Rh1 a2 48. h8=Q Qxh8 49. Rxh8+ Kb7 50. Rh1 b3 51. f7 b2 52. f8=Q b1=Q 53.
Qg7+ 1-0

[Event "XIII Abierto de la Constitucion"]
[Site "San Sebastian De Los Reyes"]
[Date "2011.12.09"]
[Round "8.12"]
[White "Lopez De Turiso Sanchez, Jose Angel"]
[Black "Orellana Illescas, Julio"]
[Result "1/2-1/2"]
[WhiteElo "2065"]
[BlackElo "1787"]
[PlyCount "72"]
[EventDate "2011.12.02"]

1. c4 c5 2. Nc3 Nc6 3. g3 g6 4. Bg2 Bg7 5. Nf3 Nf6 6. O-O O-O 7. d4 cxd4 8.
Nxd4 Nxd4 9. Qxd4 d6 10. Bg5 a6 11. Rfd1 Qc7 12. Rac1 Be6 13. b3 h6 14. Bxf6
Bxf6 15. Qe3 Bxc3 16. Rxc3 Kg7 17. c5 Rac8 18. Rdc1 dxc5 19. Rxc5 Qd7 20. h4
Rxc5 21. Rxc5 Rc8 22. Qc3+ f6 23. Rxc8 Qxc8 24. Qxc8 Bxc8 25. b4 b6 26. Bd5 e5
27. e3 Kf8 28. Kg2 Ke7 29. a3 Be6 30. Be4 g5 31. Kf3 Kd6 32. Bd3 a5 33. e4 Kc6
34. Ke3 Bb3 35. Kd2 Bf7 36. Kc3 gxh4 {(=)} 1/2-1/2

[Event "XIII Abierto de la Constitucion"]
[Site "San Sebastian De Los Reyes"]
[Date "2011.12.09"]
[Round "8.13"]
[White "Dierssen Garcia-Barredo, Guillermo"]
[Black "Cavalle Pulla, Daniel"]
[Result "0-1"]
[WhiteElo "1770"]
[BlackElo "1997"]
[PlyCount "102"]
[EventDate "2011.12.02"]

1. d4 Nf6 2. c4 c5 3. d5 b5 4. cxb5 a6 5. bxa6 g6 6. Nc3 Bxa6 7. g3 d6 8. Bg2
Nbd7 9. Nf3 Nb6 10. Rb1 Bc4 11. Nh4 Bxa2 12. Nxa2 Rxa2 13. O-O Bg7 14. Qb3 Ra4
15. Qb5+ Nfd7 16. b4 Rxb4 17. Rxb4 cxb4 18. Qxb4 O-O 19. Be3 Qc7 20. Rc1 Qb7
21. Rb1 Rb8 22. Bh3 f5 23. Bg2 Qa6 24. Bf3 Nc4 25. Qe1 Rf8 26. Ng2 Nde5 27. Nf4
Nxe3 28. fxe3 Qa7 29. Qf2 Ng4 30. Bxg4 fxg4 31. Qg2 Qxe3+ 32. Kh1 g5 33. Nd3
Rc8 34. Qf1 Qe4+ 35. Qg2 Qd4 36. Rb4 Rc1+ 37. Nxc1 Qxb4 38. Nd3 Qb1+ 39. Qg1
Qb5 40. Qg2 Bd4 41. h3 gxh3 42. Qxh3 Qxd5+ 43. Kh2 Qe4 44. Qh5 Qe3 45. Kh3 Kg7
46. Ne1 Qe6+ 47. Kg2 Qe4+ 48. Kh2 h6 49. Nd3 Qe3 50. Kh3 Be5 51. Qg4 h5 0-1

[Event "XIII Abierto de la Constitucion"]
[Site "San Sebastian De Los Reyes"]
[Date "2011.12.09"]
[Round "8.14"]
[White "Montiel Miguelez, Manuel"]
[Black "Perez Alvarez, Javier"]
[Result "1-0"]
[WhiteElo "1934"]
[BlackElo "1810"]
[PlyCount "59"]
[EventDate "2011.12.02"]

1. e4 e6 2. d4 d5 3. e5 c5 4. c3 Qb6 5. a3 c4 6. Nf3 Nc6 7. Nbd2 Na5 8. b4 cxb3
9. Rb1 Bd7 10. Bd3 Ba4 11. O-O Qc6 12. Ng5 h6 13. Qh5 hxg5 14. Qxh8 Qxc3 15.
Be2 Ne7 16. Nf3 Ng6 17. Qg8 Ne7 18. Qh8 Ng6 19. Qg8 Ne7 20. Qh7 Qc2 21. Bd3 Qc7
22. Bxg5 O-O-O 23. Rfc1 Nac6 24. Nd2 Qb6 25. Nxb3 Bxb3 26. Rc3 Qxd4 27. Rcxb3
b6 28. Ba6+ Kb8 29. Bh4 Nf5 30. Bxd8 1-0

[Event "XIII Abierto de la Constitucion"]
[Site "San Sebastian De Los Reyes"]
[Date "2011.12.09"]
[Round "8.15"]
[White "Gonzalez Berrendero, Carlos"]
[Black "Camarero Izquierdo, Juan Carlos"]
[Result "0-1"]
[WhiteElo "1761"]
[BlackElo "1915"]
[PlyCount "73"]
[EventDate "2011.12.02"]

1. d4 f5 2. Nf3 e6 3. Bf4 Nf6 4. c4 Bb4+ 5. Nc3 O-O 6. a3 Bxc3+ 7. bxc3 b6 8.
e3 Bb7 9. Bd3 d6 10. Ng5 Qe8 11. O-O Nbd7 12. Qc2 Qg6 13. f3 Rae8 14. d5 e5 15.
Bxf5 Qh5 16. Bg4 Nxg4 17. fxg4 Qh4 18. g3 Qh6 19. Ne6 exf4 20. Nxf8 Rxf8 21.
Rxf4 Re8 22. Qf5 Ne5 23. Raf1 g6 24. g5 Qg7 25. Qe4 Qe7 26. Rf6 Bc8 27. h4 Bf5
28. Qd4 Ng4 29. R1xf5 gxf5 30. Re6 Qf7 31. c5 Rxe6 32. dxe6 Qxe6 33. cxb6 axb6
34. e4 Qxe4 35. Qd2 Qe3+ 36. Qxe3 Nxe3 37. Kf2 0-1

[Event "XIII Abierto de la Constitucion"]
[Site "San Sebastian De Los Reyes"]
[Date "2011.12.09"]
[Round "8.16"]
[White "Zumel Zea, Javier"]
[Black "Sacristan Virseda, Fernando"]
[Result "0-1"]
[WhiteElo "1625"]
[BlackElo "1891"]
[PlyCount "58"]
[EventDate "2011.12.02"]

1. e4 c5 2. c3 e6 3. d4 cxd4 4. cxd4 d5 5. e5 Nc6 6. Nf3 Qb6 7. Nc3 Nge7 8. Bb5
Bd7 9. O-O Nf5 10. a3 Nxe5 11. Bxd7+ Nxd7 12. b4 Be7 13. Bf4 O-O 14. Re1 Bf6
15. Na4 Qb5 16. Nc3 Qc4 17. Rc1 Nxd4 18. Ne4 Nxf3+ 19. Qxf3 dxe4 20. Rxe4 Qb5
21. Rec4 Qd5 22. Qe2 Nb6 23. R4c2 Rac8 24. Rd1 Qf5 25. Rxc8 Rxc8 26. Be3 Nd5
27. Qd2 Qc2 28. Qe1 Nxe3 29. fxe3 Bg5 0-1